Statistics for People with first name Harry

Click here to take the quiz!

General Stats

  • This quiz has been taken 9 times
    (5 since last reset)
  • The average score is 5 of 16

Answer Stats

HintAnswer% Correct
Royal twit.Prince Harry
100%
Hungarian. Escape artist.Harry Houdini
80%
33rd president of the USA.Harry S. Truman
80%
Musician. Actor. Boats and bananas.Harry Belafonte
60%
'Call me.'Deborah Harry
40%
American actor. Clash of the Titans. L.A. Law. Favourite Son.Harry Hamlin
40%
One of the Goons.Harry Secombe
40%
Craggy-faced, American actor. Cisco Pike. Aliens. Paris, Texas. Christine.Harry Dean Stanton
20%
M*A*S*H actor.Harry Morgan
20%
1955 Afred Hitchcock black comedy film.The Trouble with Harry
20%
British actor. Played a lot of tough, military types. Ice Cold In Alex. The Night of the Generals.Harry Andrews
0%
Australian naturalist. Popular in the 'seventies with a wildlife show 'In the Wild'. It is doubtful he would have liked Steve Irwin's idiotic, showmanship.Harry Butler
0%
Inspector 71.Harry Callahan
0%
Movie about pickpockets. James Coburn, Michael Sarrazin.Harry in Your Pocket
0%
Film about a post WWII black marketeer who gets his come-uppance in Vienna.Harry Lime
0%
'70s policeman-turned-private detective after being seriously wounded television series.Harry O
0%

Score Distribution

Percentile by Number Answered

Percent of People with Each Score

Your Score History

You have not taken this quiz since the last reset